6 to 1: North America Quiz Stats

Quiz Updated Dec 3, 2017

Challenge
Share
Tweet
Embed
Score 0/21 Timer 05:00
0 Plays Today
Answer % Correct
New York, New York
98.1%
Los Angeles, California
95.2%
Cuba
92.3%
Chicago, Illinois
91.4%
Panama
89.4%
Houston, Texas
84.1%
Honduras
83.6%
Costa Rica
83%
Jamaica
82.2%
Mexico
81.5%
Belize
81.3%
Answer % Correct
Nicaragua
80.9%
Guatemala
79.9%
Lake Superior
76.9%
Saint Kitts and Nevis
74.6%
Saint Lucia
74.1%
Saint Vincent and the Grenadines
64.8%
The Bahamas
64%
Phoenix, Arizona
52.9%
Hispaniola
51.1%
Puerto Rico
48.3%

You're not logged in!

Compare scores with friends on all Sporcle quizzes.
Join for Free
OR
Log In

You Might Also Like...

Show Comments

Extras

Top Quizzes Today


Score Distribution

Your Account Isn't Verified!

In order to create a playlist on Sporcle, you need to verify the email address you used during registration. Go to your Sporcle Settings to finish the process.

Report this User

Report this user for behavior that violates our Community Guidelines.

Details: